Sports Quiz

Random Sports or NBA Quiz

NBA Most Career Points By Age Quiz Stats

Quiz not verified by Sporcle

Challenge
Share
Tweet
Embed
Score 0/115 Timer 08:00
0 Plays Today
Age Player % Correct
19LeBron James
97.4%
20LeBron James
97.4%
21LeBron James
97.4%
22LeBron James
97.4%
23LeBron James
97.4%
24LeBron James
97.4%
25LeBron James
97.4%
26LeBron James
97.4%
27LeBron James
97.4%
28LeBron James
97.4%
29LeBron James
97.4%
30LeBron James
97.4%
31LeBron James
97.4%
32LeBron James
97.4%
18Kobe Bryant
97.2%
19Kobe Bryant
97.2%
22Kobe Bryant
97.2%
23Kobe Bryant
97.2%
24Kobe Bryant
97.2%
25Kobe Bryant
97.2%
26Kobe Bryant
97.2%
27Kobe Bryant
97.2%
28Kobe Bryant
97.2%
29Kobe Bryant
97.2%
30Kobe Bryant
97.2%
31Kobe Bryant
97.2%
32Kobe Bryant
97.2%
33Kobe Bryant
97.2%
34Kobe Bryant
97.2%
35Kobe Bryant
97.2%
36Kobe Bryant
97.2%
37Kobe Bryant
97.2%
31Kareem Abdul-Jabbar
97%
32Kareem Abdul-Jabbar
97%
33Kareem Abdul-Jabbar
97%
34Kareem Abdul-Jabbar
97%
35Kareem Abdul-Jabbar
97%
36Kareem Abdul-Jabbar
97%
37Kareem Abdul-Jabbar
97%
Age Player % Correct
38Kareem Abdul-Jabbar
97%
39Kareem Abdul-Jabbar
97%
40Kareem Abdul-Jabbar
97%
26Michael Jordan
95.5%
27Michael Jordan
95.5%
28Michael Jordan
95.5%
29Michael Jordan
95.5%
30Michael Jordan
95.5%
32Michael Jordan
95.5%
33Michael Jordan
95.5%
34Michael Jordan
95.5%
35Michael Jordan
95.5%
36Michael Jordan
95.5%
37Michael Jordan
95.5%
38Michael Jordan
95.5%
39Michael Jordan
95.5%
33Karl Malone
90.9%
34Karl Malone
90.9%
35Karl Malone
90.9%
36Karl Malone
90.9%
37Karl Malone
90.9%
38Karl Malone
90.9%
39Karl Malone
90.9%
39Moses Malone
90.9%
40Karl Malone
90.9%
27Wilt Chamberlain
87.8%
28Wilt Chamberlain
87.8%
29Wilt Chamberlain
87.8%
30Wilt Chamberlain
87.8%
31Wilt Chamberlain
87.8%
32Wilt Chamberlain
87.8%
33Wilt Chamberlain
87.8%
34Wilt Chamberlain
87.8%
35Wilt Chamberlain
87.8%
36Wilt Chamberlain
87.8%
21Shaquille O'Neal
80.5%
22Shaquille O'Neal
80.5%
38Shaquille O'Neal
80.5%
18Jermaine O'Neal
79.9%
Age Player % Correct
37Dirk Nowitzki
71.3%
38Dirk Nowitzki
71.3%
19Kevin Durant
68.3%
20Kevin Durant
68.3%
21Kevin Durant
68.3%
22Kevin Durant
68.3%
23Kevin Durant
68.3%
24Kevin Durant
68.3%
25Kevin Durant
68.3%
26Kevin Durant
68.3%
27Kevin Durant
68.3%
28Kevin Durant
68.3%
19Carmelo Anthony
63%
20Carmelo Anthony
63%
21Carmelo Anthony
63%
22Carmelo Anthony
63%
23Carmelo Anthony
63%
24Carmelo Anthony
63%
25Carmelo Anthony
63%
26Carmelo Anthony
63%
29Carmelo Anthony
63%
30Carmelo Anthony
63%
31Carmelo Anthony
63%
39Hakeem Olajuwon
58.5%
40Vince Carter
56.1%
40Robert Parish
55.3%
18Tracy McGrady
53.9%
23Tracy McGrady
53.9%
24Tracy McGrady
53.9%
25Tracy McGrady
53.9%
40John Stockton
40.9%
19Andrew Wiggins
15.2%
20Andrew Wiggins
15.2%
21Andrew Wiggins
15.2%
20Devin Booker
10.4%
18Bill Willoughby
9.4%
18Andris Biedrins
6.3%

You're not logged in!

Compare scores with friends on all Sporcle quizzes.
Join for Free
OR
Log In

You Might Also Like...

Show Comments

Extras

Top Quizzes Today


Score Distribution

Your Account Isn't Verified!

In order to create a playlist on Sporcle, you need to verify the email address you used during registration. Go to your Sporcle Settings to finish the process.

Report this User

Report this user for behavior that violates our Community Guidelines.

Details: